000 00426nam a2200193Ia 4500
005 20250425161205.0
008 250425s9999 xx 000 0 und d
041 _aspa
082 _a550
100 _aAMES, GERALD
245 0 _aHISTORIA DE LA TIERRA
250 _a1A ED.
260 _aMEXICO
260 _aMéxico
_bJOHN W. CLUTE
_c1967
300 _a224
700 _aWYLER, ROSE
942 _c01
010 _a14680
999 _c204196
_d204196